C/C++ with Nasir (Record no. 13220)

000 -LEADER
fixed length control field 00354nam a22001577a 4500
020 ## - INTERNATIONAL STANDARD BOOK NUMBER
International Standard Book Number -
082 ## - DEWEY DECIMAL CLASSIFICATION NUMBER
Classification number 005.133 NAS
100 ## - MAIN ENTRY--PERSONAL NAME
Personal name Nasir, Khan
245 ## - TITLE STATEMENT
Title C/C++ with Nasir
250 ## - EDITION STATEMENT
Edition statement 1st
260 ## - PUBLICATION, DISTRIBUTION, ETC.
Place of publication, distribution, etc. Pakistan
Name of publisher, distributor, etc. Haram Printers
Date of publication, distribution, etc. 2008
300 ## - PHYSICAL DESCRIPTION
Extent x, 315 p.
500 ## - GENERAL NOTE
General note Includes index.
650 ## - SUBJECT ADDED ENTRY--TOPICAL TERM
Topical term or geographic name entry element C/C++ (Computer program language)
942 ## - ADDED ENTRY ELEMENTS (KOHA)
Koha item type Book
Holdings
Withdrawn status Lost status Damaged status Not for loan Collection code Permanent Location Current Location Shelving location Date acquired Source of acquisition Total Checkouts Full call number Barcode Date last seen Price effective from Koha item type Date last checked out
          Central Library (CL) Central Library (CL) First Floor - Software Engineering/ Programming Language 06/10/2015 Donation   005.133 NAS SEECSD01134 06/22/2015 06/22/2015 Book  
          Central Library (CL) Central Library (CL) First Floor - Software Engineering/ Programming Language 06/10/2015 Donation 1 005.133 NAS SEECSD01135 07/14/2016 06/22/2015 Book 07/14/2016
© 2023 Central Library, National University of Sciences and Technology. All Rights Reserved.